| 000 | 00460 a2200157 4500 | ||
|---|---|---|---|
| 020 | _a 0006166911 | ||
| 082 | _a823.912 | ||
| 090 |
_c988 _d988 |
||
| 100 | _aChristie, Agatha. | ||
| 245 |
_aOne, Two, Buckle My Shoe _cAgatha Christie |
||
| 260 |
_aLondon: _bHarper Collins Publishers, _c1994. |
||
| 300 |
_a218 p. ; _b19 cm. |
||
| 500 | _aIncludes Index | ||
| 650 | _a1.Poirot, Hercule (Fictitious character) --Fiction.2.Mystery fiction | ||
| 942 |
_cBK _k823.912 CHR |
||
| 999 |
_c4953 _d4953 |
||